| 000 | 00935nam a2200253 a 4500 | ||
|---|---|---|---|
| 005 | 20241012063721.0 | ||
| 008 | 010917m19911997ag r 000 0 spa d | ||
| 020 | _a9505185189 | ||
| 035 | _aUPN01000111560 | ||
| 049 | _aCG | ||
| 050 | 4 |
_aBF175.5 O24 _bB6.78 |
|
| 100 | 1 | _aBollas, Christopher | |
| 245 | 1 | 3 |
_aLa sombra del objeto : _bpsicoanálisis de lo sabido no pensado / _cChristopher Bollas ; tr. José Luis Etcheverry. |
| 260 |
_aBuenos aires : _bAmorrortu, _c1991 (1997 impr.). |
||
| 300 | _a347 p. | ||
| 440 | 0 | _aBiblioteca de psicología y psicoanálisis | |
| 534 |
_pTítulo original: _tThe shadow of the object : psychoalasysis of the unthought know |
||
| 650 | 4 |
_aRELACIONES OBJETALES (PSICOANALISIS) _922843 |
|
| 650 | 2 |
_aTransferencia (Psicología) _95930 |
|
| 650 | 4 |
_aCONTRATRANSFERENCIA (PSICOLOGIA) _912348 |
|
| 650 | 4 |
_aINTERPRETACION PSICOANALITICA _925693 |
|
| 650 | 4 |
_aPsicoterapia _98720 |
|
| 905 | _aLibro | ||
| 999 |
_c85468 _d85468 |
||